Fleuves & Rivières du Monde sur Carte - Statistiques

Statistiques générales
  • Ce quiz a été pris 78 fois
  • Le résultat moyen est 26 sur 50
Réponses sur la Carte
Les réponses sont colorées sur une échelle allant du rouge au vert en fonction du pourcentage des utilisateurs qui les ont devinées à leur premier essai. Vous pouvez retrouver ces pourcentages ci-dessous.
 
Statistiques - réponses
Réponse % Correct
Nil
97%
Loire
86%
Mississippi
86%
Rhin
86%
Amazone
83%
Danube
83%
Congo
81%
Niger
79%
Amour
74%
Volga
72%
Gange
71%
Mékong
71%
Missouri
71%
Euphrate
67%
Tigre
67%
Colorado
64%
Fleuve Jaune
62%
Sénégal
59%
Yangzi Jiang
59%
Fleuve Saint-Laurent
57%
Rio Grande
57%
Indus
55%
Nil Bleu
53%
Zambèze
53%
Dniepr
48%
Orange
48%
Rio Parana
47%
Ienissei
45%
Ob
45%
Ohio
45%
Tage
45%
Yukon
45%
Brahmapoutre
43%
Léna
40%
Vistule
40%
Mackenzie
36%
Rio Paraguay
34%
Arkansas
33%
Orénoque
31%
Murray
29%
Rio Uruguay
29%
Rivière des Perles
29%
Rio Negro
28%
Amou-Daria
26%
Syr-Daria
24%
Columbia
22%
Rio Madeira
19%
Rio Tocantins
19%
Irrawaddy
12%
Irtych
12%
Aucun quiz correspondant
Distribution des résultats
% des personnes avec chaque résultat
Percentile par nombre de réponses
Votre historique - résultats
Vous n’avez pas pris ce quiz